000 00457pab a2200181 454500
008 180718b2014 xxu||||| |||| 00| 0 eng d
100 _aMouli, C. Raja
245 _aNetworking of open distance learning institutions
260 _c2014
300 _ap.3-5.
362 _a3 Mar
650 _aNetworking analysis
650 _aEducational institutions
650 _aDistance education
773 _aUniversity News
908 _aN
909 _a103568
999 _c103564
_d103564